[Event "Eikrem mem"]
[Site "Gausdal"]
[Date "1998.08.05"]
[Round "5"]
[White "Hector, Jonny"]
[Black "Kraidman, Yair"]
[Result "1-0"]
[WhiteElo "2510"]
[BlackElo "2335"]
[PlyCount "141"]
[EventDate "1998.??.??"]
[Source "ChessBase"]

1. e4 e5 2. Nf3 Nc6 3. Nc3 Nf6 4. g3 Bc5 5. Bg2 d6 6. d3 O-O 7. Na4 Bb6 8. O-O
Bd7 9. c3 Ne7 10. Nxb6 axb6 11. Nh4 h6 12. f4 Ng6 13. Nf3 exf4 14. gxf4 Nh5 15.
Ne1 Qh4 16. f5 Ngf4 17. Qf3 g5 18. Be3 g4 19. Qf2 Nxg2 20. Nxg2 Qxf2+ 21. Kxf2
Kh7 22. h3 g3+ 23. Kf3 d5 24. Nf4 dxe4+ 25. dxe4 Nxf4 26. Bxf4 g2 27. Kxg2 Bc6
28. Bxc7 Rfe8 29. Bxb6 Rxe4 30. Kh2 Rg8 31. Rf2 h5 32. Rd1 Rg5 33. Bd8 Rf4 34.
Bxg5 Rxf2+ 35. Kg3 Rxf5 36. Bf4 Kg6 37. c4 Ra5 38. a3 Ra4 39. Rd4 f6 40. Bd2 b5
41. Bb4 bxc4 42. Rxc4 Ra6 43. Kf4 Bd7 44. h4 Be6 45. Rc7 Bf7 46. Rc3 Be6 47.
Ke4 Bf5+ 48. Kd5 Re6 49. Bd6 Re2 50. b4 Bd7 51. Kc5 Kf5 52. b5 Ke6 53. a4 Re4
54. Ra3 f5 55. Bc7 Re2 56. Rb3 f4 57. Bxf4 Rc2+ 58. Kb4 Bc8 59. Rd3 Bb7 60. a5
Bd5 61. Rd4 Rb2+ 62. Kc5 Bg2 63. Bd2 Bf1 64. Bb4 Rc2+ 65. Kb6 Rc4 66. Rd6+ Kf5
67. Bc5 Rc1 68. Rd5+ Kg4 69. Rg5+ Kxh4 70. Be7 Kh3 71. Rxh5+ 1-0

[Event "Limhamn op"]
[Site "Limhamn"]
[Date "1998.??.??"]
[Round "?"]
[White "Hector, Jonny"]
[Black "Grujic, Matej"]
[Result "1-0"]
[WhiteElo "2505"]
[BlackElo "2220"]
[PlyCount "121"]
[EventDate "1998.??.??"]
[Source "ChessBase"]

1. e4 Nf6 2. Nc3 d5 3. e5 d4 4. exf6 dxc3 5. fxg7 cxd2+ 6. Bxd2 Bxg7 7. Qf3 Qd6
8. O-O-O Nc6 9. Bc3 Qh6+ 10. Kb1 O-O 11. Qg3 Bf5 12. Bb5 Rad8 13. Ne2 Qg6 14.
Qxg6 hxg6 15. Bxg7 Kxg7 16. Bxc6 bxc6 17. Nd4 Rd6 18. Kc1 Kf6 19. Rhe1 e5 20.
Nb3 Rd5 21. c4 Rd6 22. Na5 Rh8 23. h3 Rh4 24. b3 Bd7 25. Nb7 Rdd4 26. Nc5 Be6
27. Nd3 Rh5 28. Nb4 Bd7 29. Rxd4 exd4 30. Re4 c5 31. Nd5+ Kg7 32. Re7 Bc6 33.
Nf4 Rf5 34. g3 g5 35. Nd3 Bg2 36. Rxc7 Bf1 37. Kd2 Rf3 38. Nxc5 Rxf2+ 39. Ke1
Rf6 40. Ne4 Re6 41. Kxf1 Rxe4 42. Rxa7 Re3 43. Kf2 Kf6 44. Rd7 Rd3 45. Rd5 Ke6
46. g4 f6 47. Ke2 Rxh3 48. Rxd4 Ke5 49. Rd3 Rh2+ 50. Ke3 Rh3+ 51. Kd2 Rh2+ 52.
Kc3 Rxa2 53. Re3+ Kd6 54. Kb4 Ra8 55. c5+ Kd5 56. Rd3+ Ke5 57. Kc4 Ra1 58. c6
Rc1+ 59. Kb5 Ke4 60. Rd8 Kf3 61. Rd4 1-0

[Event "Norrkoeping op"]
[Site "Norrkoeping"]
[Date "1998.??.??"]
[Round "1"]
[White "Hector, Jonny"]
[Black "Rosen, Peter"]
[Result "1-0"]
[WhiteElo "2505"]
[BlackElo "2145"]
[PlyCount "79"]
[EventDate "1998.??.??"]
[Source "ChessBase"]

1. e4 e6 2. d4 d5 3. Nc3 Nf6 4. Bg5 Be7 5. e5 Nfd7 6. h4 a6 7. Qg4 f5 8. Qh5+
g6 9. Qh6 Bxg5 10. hxg5 Kf7 11. g4 Nf8 12. Nge2 Rg8 13. O-O-O Rg7 14. gxf5 exf5
15. Nf4 c6 16. Rh3 Ne6 17. Nxe6 Bxe6 18. Ne2 Nd7 19. Nf4 Nf8 20. Bg2 Qe7 21. c4
Rd8 22. cxd5 Bxd5 23. Bxd5+ cxd5 24. Rb3 Kg8 25. Kb1 b5 26. Qh1 Qd7 27. Rc1 Ne6
28. Nxe6 Qxe6 29. f4 Qb6 30. Rc5 Rgd7 31. Qc1 b4 32. a4 a5 33. Rd3 Ra7 34. Rc6
Qb7 35. Qc5 Raa8 36. Rc7 Qa6 37. Rd1 Qe2 38. Rc1 Qe4+ 39. Ka1 Re8 40. Qd6 1-0

[Event "Norrkoeping op"]
[Site "Norrkoeping"]
[Date "1998.??.??"]
[Round "7"]
[White "Hector, Jonny"]
[Black "Agrest, Evgenij"]
[Result "1-0"]
[WhiteElo "2505"]
[BlackElo "2525"]
[PlyCount "121"]
[EventDate "1998.??.??"]
[Source "ChessBase"]

1. e4 d6 2. d4 Nf6 3. Nc3 g6 4. f4 Bg7 5. Nf3 c5 6. dxc5 Qa5 7. Bd3 Qxc5 8. Qe2
Bg4 9. Be3 Qa5 10. O-O Nc6 11. Kh1 O-O 12. Qe1 d5 13. e5 Bxf3 14. exf6 Bxf6 15.
Rxf3 d4 16. Ne4 dxe3 17. Nxf6+ exf6 18. Qxa5 Nxa5 19. Rxe3 Rfe8 20. Rae1 Rxe3
21. Rxe3 Kf8 22. Kg1 Rc8 23. Re4 Nc6 24. Kf2 f5 25. Rc4 Re8 26. b4 Re6 27. b5
Nb8 28. Be2 b6 29. Bf3 Re7 30. a4 h6 31. Bd5 a5 32. Bf3 Re8 33. Rc7 Re7 34. Rc3
Re8 35. Bd5 Re7 36. Bb3 Re8 37. Rd3 Ke7 38. Rh3 h5 39. Re3+ Kf8 40. Rc3 Re7 41.
Rd3 Rd7 42. Rc3 Re7 43. Kg3 Re4 44. Bd5 Re8 45. Kh4 Rd8 46. Bb3 Re8 47. Kg5 Nd7
48. Rc7 Re7 49. Rb7 Nc5 50. Rxb6 Kg7 51. Bd5 Rd7 52. c4 Nxa4 53. Ra6 Nc3 54.
Bf3 Rd4 55. b6 f6+ 56. Kh4 Rxf4+ 57. Kg3 Rxc4 58. b7 h4+ 59. Kf2 Rb4 60. Ra8
Rb2+ 61. Ke3 1-0

[Event "VISA GP"]
[Site "Reykjavik"]
[Date "1998.03.11"]
[Round "2"]
[White "Hector, Jonny"]
[Black "Hillarp Persson, Tiger"]
[Result "1-0"]
[WhiteElo "2505"]
[BlackElo "2410"]
[PlyCount "65"]
[EventDate "1998.03.10"]
[Source "ChessBase"]

1. e4 c5 2. Nf3 d6 3. d4 cxd4 4. Nxd4 Nf6 5. Nc3 a6 6. Bg5 e6 7. f4 Qc7 8. Qf3
b5 9. a3 Nbd7 10. g4 Be7 11. Bxf6 gxf6 12. f5 Ne5 13. Qh3 Qb6 14. Nce2 Nc6 15.
Nxc6 Qxc6 16. O-O-O Qc5 17. Nf4 Ra7 18. Rd2 Bd8 19. Bg2 Ba5 20. c3 Bd8 21. Rhd1
a5 22. fxe6 fxe6 23. Rxd6 Be7 24. Nxe6 Bxe6 25. Rxe6 Kf7 26. g5 Qxg5+ 27. Kb1
b4 28. Rc6 bxa3 29. e5 Qxe5 30. Bd5+ Kf8 31. Qc8+ Kg7 32. Rg1+ Kh6 33. Qh3+ 1-0

[Event "VISA GP"]
[Site "Reykjavik"]
[Date "1998.03.15"]
[Round "6"]
[White "Hansen, Curt"]
[Black "Hector, Jonny"]
[Result "1-0"]
[WhiteElo "2595"]
[BlackElo "2505"]
[PlyCount "79"]
[EventDate "1998.03.10"]
[Source "ChessBase"]

1. c4 Nf6 2. Nc3 e5 3. Nf3 Nc6 4. g3 Bc5 5. d3 d6 6. Bg2 h6 7. O-O O-O 8. a3 a5
9. h3 Be6 10. b3 Bb6 11. Bb2 Re8 12. e3 d5 13. cxd5 Nxd5 14. Qc2 Nxc3 15. Bxc3
Bf5 16. Rfd1 Qe7 17. Qb2 Rad8 18. b4 Rxd3 19. Rxd3 Bxd3 20. b5 Na7 21. Bxe5 f6
22. Qb3+ Kh8 23. Bxc7 Qxc7 24. Qxd3 Rd8 25. Qb3 Nc8 26. Nh4 Ne7 27. Qf7 Qe5 28.
Rb1 Bc5 29. Bxb7 Bxa3 30. b6 Kh7 31. Qc4 f5 32. Bg2 Rc8 33. Qa4 Bb4 34. b7 Rd8
35. Nf3 Qc7 36. Nd4 Qd6 37. Qb5 g6 38. Rc1 Kg7 39. Rc7 Kh8 40. b8=Q 1-0

[Event "Copenhagen op"]
[Site "Copenhagen"]
[Date "1998.06.25"]
[Round "5"]
[White "Hector, Jonny"]
[Black "Zagorskis, Darius"]
[Result "1-0"]
[WhiteElo "2505"]
[BlackElo "2515"]
[PlyCount "47"]
[EventDate "1998.06.??"]
[Source "ChessBase"]

1. e4 c5 2. Nf3 d6 3. d4 cxd4 4. Nxd4 Nf6 5. Nc3 a6 6. Bg5 e6 7. f4 Qb6 8. Nb3
Be7 9. Be2 Nbd7 10. Qd3 h6 11. Bxf6 Nxf6 12. O-O-O Qc7 13. Bf3 Bd7 14. g4 g5
15. h4 Rg8 16. hxg5 hxg5 17. e5 dxe5 18. fxe5 Qxe5 19. Bxb7 Rd8 20. Qxa6 Nxg4
21. Rxd7 Rxd7 22. Bc6 Qf4+ 23. Kb1 Ne5 24. Qc8+ 1-0

[Event "Copenhagen op"]
[Site "Copenhagen"]
[Date "1998.06.29"]
[Round "8"]
[White "Hector, Jonny"]
[Black "Ward, Christopher"]
[Result "1-0"]
[WhiteElo "2505"]
[BlackElo "2480"]
[PlyCount "139"]
[EventDate "1998.06.??"]
[Source "ChessBase"]

1. e4 c5 2. Nf3 d6 3. d4 cxd4 4. Nxd4 Nf6 5. Nc3 g6 6. Be3 Bg7 7. f3 Nc6 8. Bc4
O-O 9. Qe2 Na5 10. Bd3 a6 11. O-O Bd7 12. Qf2 Qc8 13. Rae1 Nc4 14. Bc1 Qc5 15.
Kh1 Rac8 16. Nb3 Qxf2 17. Rxf2 b5 18. Nd1 Ne5 19. Bf1 d5 20. exd5 Nxd5 21. Ne3
Nxe3 22. Bxe3 Nc4 23. Bxc4 Rxc4 24. c3 Rfc8 25. Rd2 Be6 26. Red1 Be5 27. Na5
Ra4 28. Bh6 f6 29. Nc6 Bd6 30. Rxd6 exd6 31. Ne7+ Kf7 32. Nxc8 Bxc8 33. a3 Ke7
34. Be3 Rc4 35. Bb6 Rc6 36. Ba5 Be6 37. Bb4 Kd7 38. g4 d5 39. Kg2 Ke8 40. Kf2
Kf7 41. Ke3 Rc4 42. b3 Rc8 43. Kd4 g5 44. Ra1 h5 45. gxh5 Rh8 46. a4 bxa4 47.
Rxa4 Bc8 48. Bd6 Rxh5 49. Bg3 Kg6 50. Rb4 Rh7 51. Rb8 Bh3 52. Rb6 Bg2 53. Be5
Rf7 54. Rxa6 Bxf3 55. Kc5 g4 56. b4 Kg5 57. Bd4 f5 58. b5 Be2 59. Ra8 f4 60. b6
f3 61. Ra7 Rf8 62. b7 Rb8 63. Kb6 Kh4 64. Ra8 Rxb7+ 65. Kxb7 Kh3 66. Rg8 Kxh2
67. Rxg4 f2 68. Rh4+ Kg2 69. Bxf2 Kxf2 70. Kc6 1-0

[Event "Politiken Cup"]
[Site "Copenhagen"]
[Date "1998.07.04"]
[Round "1"]
[White "Hector, Jonny"]
[Black "Fredericia, Louise"]
[Result "1-0"]
[WhiteElo "2505"]
[BlackElo "2080"]
[PlyCount "83"]
[EventDate "1998.07.04"]
[Source "ChessBase"]

1. Nc3 e5 2. e4 Nf6 3. f4 d5 4. fxe5 Nxe4 5. Nf3 Be7 6. Qe2 Nxc3 7. dxc3 O-O 8.
Bf4 c5 9. O-O-O Nc6 10. c4 Nd4 11. Nxd4 cxd4 12. Rxd4 Qa5 13. cxd5 Bc5 14. Rc4
Rd8 15. d6 Be6 16. Qe4 Bd5 17. Ra4 Be3+ 18. Qxe3 Qxa4 19. Bd3 Rac8 20. Re1 Qxa2
21. Bg5 Qa1+ 22. Kd2 Qxb2 23. Bxd8 Qb4+ 24. Kd1 Rxd8 25. Qg5 Rf8 26. Re3 Be6
27. Re4 Qc5 28. Qg3 g6 29. Rh4 Re8 30. Qg5 Qg1+ 31. Kd2 Qf2+ 32. Be2 h5 33. Rf4
Qc5 34. Bd3 Qa5+ 35. Kc1 Qa1+ 36. Kd2 Qa5+ 37. c3 Qa2+ 38. Ke3 Bg4 39. Rxg4 Qd5
40. Re4 Qc5+ 41. Kd2 Qf2+ 42. Re2 1-0

[Event "Politiken Cup"]
[Site "Copenhagen"]
[Date "1998.07.06"]
[Round "3"]
[White "Hector, Jonny"]
[Black "Olsen, Heini"]
[Result "1-0"]
[WhiteElo "2505"]
[BlackElo "2270"]
[PlyCount "51"]
[EventDate "1998.07.04"]
[Source "ChessBase"]

1. Nc3 d5 2. e4 c6 3. d4 dxe4 4. Nxe4 Nd7 5. Ng5 Ngf6 6. Bd3 e6 7. N1f3 Bd6 8.
Qe2 h6 9. Ne4 Nxe4 10. Qxe4 Nf6 11. Qh4 Ke7 12. Ne5 Bxe5 13. dxe5 Qa5+ 14. c3
Qxe5+ 15. Be3 b6 16. O-O-O g5 17. Qh3 c5 18. Rhe1 Bb7 19. Bc4 Be4 20. f3 Bf5
21. g4 Bg6 22. Bd2 Qc7 23. f4 gxf4 24. Qf3 Rhd8 25. Bxf4 Qc8 26. Rxd8 1-0

[Event "Politiken Cup"]
[Site "Copenhagen"]
[Date "1998.07.13"]
[Round "9"]
[White "Borge, Nikolaj"]
[Black "Hector, Jonny"]
[Result "1-0"]
[WhiteElo "2390"]
[BlackElo "2505"]
[PlyCount "121"]
[EventDate "1998.07.04"]
[Source "ChessBase"]

1. e4 e5 2. Nf3 Nc6 3. Bb5 Bc5 4. O-O Nd4 5. Nxd4 Bxd4 6. c3 Bb6 7. d4 c6 8.
Bc4 d6 9. dxe5 dxe5 10. Qxd8+ Bxd8 11. a4 Nf6 12. a5 Nxe4 13. Re1 Nd6 14. Rxe5+
Be7 15. Bb3 Bf5 16. Bf4 f6 17. Re1 Rd8 18. Nd2 g5 19. Be3 Nc8 20. Nf3 Kd7 21.
Nd4 Bg6 22. Ne6 Rde8 23. Rad1+ Bd6 24. Bd4 Bh5 25. f3 Bf7 26. Bxf6 Rhg8 27.
Nc5+ Kc7 28. Bxf7 Bxc5+ 29. Kf1 Rxe1+ 30. Rxe1 Rf8 31. Be5+ Bd6 32. Ba2 Rf5 33.
Bxd6+ Nxd6 34. Re7+ Kb8 35. b4 g4 36. Kf2 gxf3 37. Bb1 Rh5 38. Rxh7 Rxh7 39.
Bxh7 fxg2 40. Bd3 Kc7 41. h4 Kd7 42. Kxg2 b6 43. Kf3 bxa5 44. bxa5 Ke6 45. Kf4
Kf6 46. Ba6 Nf5 47. h5 Nd6 48. h6 Kg6 49. h7 Kxh7 50. Ke5 Nf7+ 51. Kf6 Nh6 52.
Bc8 Ng8+ 53. Kf7 Nh6+ 54. Ke7 Ng8+ 55. Kd6 Kg7 56. Kxc6 Kf6 57. Kb7 Ne7 58.
Kxa7 Nxc8+ 59. Kb8 Ne7 60. a6 Ke6 61. Kb7 1-0

[Event "Politiken Cup"]
[Site "Copenhagen"]
[Date "1998.07.14"]
[Round "10"]
[White "Hector, Jonny"]
[Black "Lahlum, Hans Olav"]
[Result "1-0"]
[WhiteElo "2505"]
[BlackElo "2215"]
[PlyCount "41"]
[EventDate "1998.07.04"]
[Source "ChessBase"]

1. Nc3 d5 2. d4 e6 3. Nf3 Nf6 4. Bg5 Be7 5. Bxf6 Bxf6 6. e4 dxe4 7. Nxe4 Be7 8.
Bd3 Nd7 9. Qe2 Nf6 10. O-O-O c6 11. c3 b6 12. Ne5 Bd7 13. Ng5 O-O 14. h4 Qc7
15. Qc2 g6 16. h5 Nxh5 17. Rxh5 gxh5 18. Bxh7+ Kg7 19. Ngxf7 Rh8 20. Qg6+ Kf8
21. Nxh8 1-0

[Event "Roskilde op"]
[Site "Roskilde"]
[Date "1998.??.??"]
[Round "1"]
[White "Hector, Jonny"]
[Black "Preuss, Flemming"]
[Result "1-0"]
[WhiteElo "2505"]
[BlackElo "2080"]
[PlyCount "139"]
[EventDate "1998.07.17"]
[Source "ChessBase"]

1. Nc3 d5 2. e4 dxe4 3. Nxe4 Nf6 4. Nxf6+ exf6 5. d4 c6 6. c3 Bd6 7. Bd3 O-O 8.
Ne2 Re8 9. O-O Nd7 10. Bf4 Nf8 11. Bxd6 Qxd6 12. Ng3 g6 13. Ne4 Qd8 14. Re1 Be6
15. Qf3 Kg7 16. Qg3 Bf5 17. Re3 Bxe4 18. Bxe4 Qd7 19. Bc2 Rxe3 20. fxe3 f5 21.
Rf1 Kh8 22. e4 fxe4 23. Qe5+ Kg8 24. Bb3 Ne6 25. Qxe4 Re8 26. Qe5 Nd8 27. Qb8
Qe7 28. h3 a6 29. a4 Kg7 30. Kh1 f5 31. d5 cxd5 32. Bxd5 Qe5 33. Qxe5+ Rxe5 34.
Rd1 Re7 35. Kg1 Kf6 36. Kf2 h6 37. Bf3 Nf7 38. a5 g5 39. Rd4 Ke5 40. Rb4 Nd6
41. Ke3 f4+ 42. Kd3 Rd7 43. Rd4 Rc7 44. c4 Nf5 45. Rd5+ Kf6 46. b3 Re7 47. Be4
Ng3 48. Rd6+ Ke5 49. Rd4 Kf6 50. c5 Nxe4 51. Rxe4 Rd7+ 52. Rd4 Re7 53. Rd6+ Kf5
54. Rxh6 Re3+ 55. Kd4 Rg3 56. Rb6 Rxg2 57. Rxb7 Rd2+ 58. Kc3 Rd1 59. Kc2 Rd8
60. c6 Rc8 61. c7 g4 62. hxg4+ Kxg4 63. Kd3 Kg3 64. Rb6 Rxc7 65. Rxa6 f3 66.
Rg6+ Kf4 67. Rf6+ Kg3 68. b4 f2 69. a6 Rc6 70. Rxf2 1-0

[Event "BL2-N 9899"]
[Site "Germany"]
[Date "1998.12.13"]
[Round "3.2"]
[White "Hector, Jonny"]
[Black "Breyther, Ruediger"]
[Result "1-0"]
[WhiteElo "2510"]
[BlackElo "2390"]
[PlyCount "57"]
[EventDate "1998.10.??"]
[Source "ChessBase"]

1. e4 c5 2. Nf3 e6 3. d4 cxd4 4. Nxd4 Nf6 5. Nc3 d6 6. g4 h6 7. h4 Nc6 8. Rg1
Nd7 9. g5 Nde5 10. Nxc6 bxc6 11. f4 Nd7 12. Be3 hxg5 13. hxg5 Rb8 14. Bc4 Rh3
15. Qd2 d5 16. exd5 cxd5 17. Bb3 Nc5 18. O-O-O Nxb3+ 19. axb3 Rb4 20. Rge1 Qa5
21. Kb1 Bb7 22. f5 e5 23. Bd4 f6 24. gxf6 gxf6 25. Bxe5 fxe5 26. Rxe5+ Kf7 27.
Qg2 Rh6 28. Rg1 Rbb6 29. Qg8+ 1-0

[Event "Rilton Cup 9899"]
[Site "Stockholm"]
[Date "1998.12.31"]
[Round "4"]
[White "Hector, Jonny"]
[Black "Salmensuu, Olli"]
[Result "1-0"]
[WhiteElo "2510"]
[BlackElo "2420"]
[PlyCount "57"]
[EventDate "1998.12.??"]
[Source "ChessBase"]

1. e4 c5 2. Nf3 d6 3. d4 cxd4 4. Nxd4 Nf6 5. Nc3 g6 6. Be3 Bg7 7. f3 O-O 8. Bc4
Nc6 9. Qe2 Na5 10. Bd3 a6 11. Qf2 Nc6 12. O-O Ne5 13. h3 d5 14. Nb3 dxe4 15.
fxe4 Nxd3 16. cxd3 Qxd3 17. Rad1 Qc4 18. e5 Nd7 19. Nd5 e6 20. Nf6+ Bxf6 21.
exf6 e5 22. Qg3 a5 23. Qg5 Kh8 24. Nd2 Qxa2 25. Ne4 Rg8 26. Qh6 Qb3 27. Kh2 Nf8
28. Rd8 Bxh3 29. Rxf8 1-0

[Event "Oxford GM-A"]
[Site "Oxford"]
[Date "1998.12.16"]
[Round "3"]
[White "Hector, Jonny"]
[Black "Pedersen, Steffen"]
[Result "1-0"]
[WhiteElo "2510"]
[BlackElo "2415"]
[PlyCount "61"]
[EventDate "1998.12.14"]
[Source "ChessBase"]

1. e4 e6 2. d4 d5 3. Nc3 Nf6 4. Bg5 Bb4 5. e5 h6 6. Bc1 Ne4 7. Qg4 g6 8. Nge2
c5 9. a3 Bxc3+ 10. bxc3 cxd4 11. cxd4 Qc7 12. f3 Nc3 13. Bd2 Nxe2 14. Bxe2 Bd7
15. Bd3 Nc6 16. Rb1 O-O-O 17. Qf4 g5 18. Qe3 f6 19. exf6 Rdf8 20. O-O Rxf6 21.
c4 Rg8 22. Rfc1 Be8 23. Be1 Bg6 24. Bg3 Qf7 25. Be5 Bxd3 26. Qxd3 Rfg6 27. cxd5
exd5 28. Qb5 Rd8 29. Qa4 a6 30. Rb6 Qd7 31. Qxa6 1-0

[Event "Oxford GM-A"]
[Site "Oxford"]
[Date "1998.12.17"]
[Round "4"]
[White "Hodgson, Julian M"]
[Black "Hector, Jonny"]
[Result "1-0"]
[WhiteElo "2575"]
[BlackElo "2510"]
[PlyCount "71"]
[EventDate "1998.12.14"]
[Source "ChessBase"]

1. d4 d5 2. c4 c6 3. Nf3 Nf6 4. e3 Bf5 5. Nc3 e6 6. Nh4 Bg4 7. Qb3 b6 8. h3 Bh5
9. g4 Bg6 10. Nxg6 hxg6 11. Bg2 Be7 12. g5 dxc4 13. Qxc4 Nd5 14. h4 b5 15. Qd3
Nd7 16. Bd2 N7b6 17. Nxd5 exd5 18. b3 Qd7 19. Rc1 Ba3 20. Rc2 Qg4 21. Bf1 Rc8
22. b4 Nc4 23. Rxc4 dxc4 24. Qxa3 Rd8 25. Rh3 Rxh4 26. Rxh4 Qxh4 27. Bg2 Qxg5
28. Bxc6+ Kf8 29. Qxa7 Qg1+ 30. Ke2 Qb1 31. Qa3 Rb8 32. Qc3 Qxa2 33. d5 Rb6 34.
Qd4 Qc2 35. Qxb6 Qd3+ 36. Kf3 1-0

[Event "Oxford GM-A"]
[Site "Oxford"]
[Date "1998.12.20"]
[Round "6"]
[White "Hector, Jonny"]
[Black "Gausel, Einar"]
[Result "1-0"]
[WhiteElo "2510"]
[BlackElo "2540"]
[PlyCount "123"]
[EventDate "1998.12.14"]
[Source "ChessBase"]

1. e4 e6 2. d4 d5 3. Nc3 Nf6 4. Bg5 dxe4 5. Nxe4 Nbd7 6. Nf3 h6 7. Bh4 Be7 8.
Nxf6+ Bxf6 9. Bxf6 Qxf6 10. Qd2 O-O 11. Qe3 Rd8 12. Bd3 c5 13. dxc5 Qxb2 14.
O-O Qb4 15. Rfd1 Rf8 16. c6 bxc6 17. Be4 Qc5 18. Rab1 a5 19. Qxc5 Nxc5 20. Bxc6
Ra6 21. Bb5 Ra8 22. Ne5 Bb7 23. f3 Rfd8 24. c4 Rac8 25. Kf2 Kf8 26. Ke3 Ke7 27.
h4 f6 28. Nd3 Nxd3 29. Rxd3 Rxd3+ 30. Kxd3 e5 31. Kc3 Rc7 32. Rb3 e4 33. fxe4
Bxe4 34. Kd4 f5 35. Ra3 g5 36. hxg5 hxg5 37. g4 Bb7 38. gxf5 Kf6 39. c5 g4 40.
Rc3 Kxf5 41. c6 Bc8 42. Kc5 Rg7 43. Bf1 Kf4 44. Kb6 g3 45. Bg2 Rg8 46. a4 Ke5
47. Kxa5 Kd4 48. Kb4 Ba6 49. c7 Bc8 50. Rc6 Ke3 51. a5 Kf2 52. Rc2+ Ke3 53. Kb5
Kd3 54. Rc5 Rg6 55. Rc6 Rg5+ 56. Kb6 Rg4 57. Rd6+ Kc3 58. Rd8 Rg6+ 59. Ka7 Ra6+
60. Kb8 Bf5 61. Rd5 Bg4 62. Rg5 1-0

[Event "Excelsior Cup"]
[Site "Gothenburg"]
[Date "1999.01.09"]
[Round "3"]
[White "Ulibin, Mikhail"]
[Black "Hector, Jonny"]
[Result "1-0"]
[WhiteElo "2552"]
[BlackElo "2542"]
[PlyCount "53"]
[EventDate "1999.01.07"]
[Source "ChessBase"]

1. e4 e5 2. Nf3 Nc6 3. Bb5 a6 4. Ba4 Nf6 5. O-O Bc5 6. c3 b5 7. Bc2 d6 8. d4
Bb6 9. h3 O-O 10. Be3 Bb7 11. Nbd2 Re8 12. d5 Na5 13. b4 Nc4 14. Nxc4 bxc4 15.
Nd2 Bxe3 16. fxe3 c6 17. Nxc4 cxd5 18. exd5 Qc7 19. Na5 Bxd5 20. Rxf6 gxf6 21.
Qxd5 Qxc3 22. Bxh7+ Kg7 23. Rf1 Qxe3+ 24. Kh2 e4 25. Nc4 Qe2 26. Rf4 e3 27. Bd3
1-0

[Event "Kraft Chess Cup"]
[Site "Skelleftea"]
[Date "1999.04.01"]
[Round "2.1"]
[White "Agrest, Evgenij"]
[Black "Hector, Jonny"]
[Result "1-0"]
[WhiteElo "2533"]
[BlackElo "2542"]
[PlyCount "79"]
[EventDate "1999.03.??"]
[Source "ChessBase"]

1. d4 d5 2. c4 e6 3. Nf3 c6 4. Qc2 Nf6 5. e3 Ne4 6. Be2 Bd6 7. O-O f5 8. b3 O-O
9. Ne5 Nd7 10. f3 Ng5 11. Nd3 Qc7 12. f4 Nf7 13. Ba3 Nf6 14. Bxd6 Nxd6 15. Nd2
Qe7 16. Rac1 Bd7 17. Ne5 Be8 18. Bd3 Bh5 19. Qb2 Nf7 20. b4 Nxe5 21. dxe5 Ng4
22. Rfe1 g5 23. Nf3 gxf4 24. exf4 Rfd8 25. cxd5 cxd5 26. Nd4 Rac8 27. Qd2 Bf7
28. h3 Nh6 29. a3 Be8 30. Rxc8 Rxc8 31. Rc1 Rd8 32. Rc3 Nf7 33. Qc1 Bd7 34. Rc7
Qh4 35. Nf3 Qg3 36. Bf1 Be8 37. Rc8 Qg7 38. Qc7 Rxc8 39. Qxc8 Qf8 40. Qxe6 1-0

[Event "Hampstead GM 5th"]
[Site "London"]
[Date "1999.04.13"]
[Round "7"]
[White "Ippolito, Dean"]
[Black "Hector, Jonny"]
[Result "1-0"]
[WhiteElo "2336"]
[BlackElo "2542"]
[PlyCount "79"]
[EventDate "1999.04.??"]
[Source "ChessBase"]

1. d4 d5 2. c4 e6 3. Nf3 c6 4. Qc2 Nf6 5. Nbd2 c5 6. dxc5 Qa5 7. cxd5 Nxd5 8.
a3 Nc6 9. e4 Nf4 10. b4 Nxb4 11. axb4 Qxa1 12. Bb5+ Bd7 13. Bxd7+ Kxd7 14. Nb3
Qf6 15. Qd2+ Ke8 16. Qxf4 Qc3+ 17. Nfd2 Qxb4 18. O-O a5 19. Qc7 Qb5 20. Ba3 Rd8
21. Nxa5 Rd7 22. Qb8+ Rd8 23. Qc7 Rd7 24. Qb8+ Rd8 25. Qa7 Rxd2 26. Nxb7 Be7
27. Qb8+ Kd7 28. Qxh8 Qxb7 29. Qxg7 Rd3 30. c6+ Kxc6 31. Bxe7 Qxe7 32. Qxh7 Rd4
33. Qh8 Qd7 34. Rc1+ Kb7 35. Rb1+ Kc6 36. Qa8+ Kd6 37. h3 Ke5 38. Qa5+ Kxe4 39.
Re1+ Kd3 40. Re3+ 1-0

[Event "Sigeman & Co"]
[Site "Malmo"]
[Date "1999.06.16"]
[Round "8"]
[White "Hector, Jonny"]
[Black "Akesson, Ralf"]
[Result "1-0"]
[WhiteElo "2542"]
[BlackElo "2530"]
[PlyCount "78"]
[EventDate "1999.06.??"]
[Source "ChessBase"]

1. e4 c5 2. Nf3 e6 3. d4 cxd4 4. Nxd4 a6 5. Nc3 b5 6. Bd3 Qb6 7. Nf3 Qc7 8. O-O
Bb7 9. Bg5 b4 10. Nb1 Nf6 11. Nbd2 Nc6 12. Nc4 d6 13. Rc1 Be7 14. c3 O-O 15.
Bb1 bxc3 16. Rxc3 Rfd8 17. Qc2 Rac8 18. e5 dxe5 19. Ncxe5 g6 20. Qa4 Nd5 21.
Nxc6 Bxc6 22. Qh4 f6 23. Rxc6 Qxc6 24. Bd2 Qb6 25. Qg3 Bd6 26. Qg4 Bf8 27. h4
f5 28. Qg3 Bd6 29. Qg5 Qxb2 30. h5 Qf6 31. hxg6 hxg6 32. Qh6 Bf8 33. Qh3 Rd7
34. Ng5 Nc3 35. Bd3 Rcc7 36. Rc1 Nxa2 37. Re1 Rc6 38. Rxe6 Rxe6 39. Bc4 Rdd6
1-0

[Event "SWE-chT 9900"]
[Site "Sweden"]
[Date "2000.??.??"]
[Round "5"]
[White "Hector, Jonny"]
[Black "Von Bahr, Oskar"]
[Result "1-0"]
[WhiteElo "2505"]
[BlackElo "2240"]
[PlyCount "67"]
[EventDate "1999.11.??"]
[Source "ChessBase"]

1. e4 c5 2. Nf3 d6 3. d4 cxd4 4. Nxd4 Nf6 5. Nc3 g6 6. Be3 Bg7 7. f3 Nc6 8. Bc4
O-O 9. Qe2 Bd7 10. O-O-O Rc8 11. Bb3 Na5 12. h4 a6 13. Qd2 h5 14. Bh6 Nc4 15.
Bxc4 Rxc4 16. Bxg7 Kxg7 17. g4 hxg4 18. h5 Rh8 19. hxg6 fxg6 20. f4 e5 21. Nb3
Rxc3 22. Qxc3 Rxh1 23. Rxh1 exf4 24. Qd2 f3 25. Qxd6 Nxe4 26. Qe5+ Qf6 27. Qc7
Qe7 28. Qb8 Nf6 29. Qf4 Qe4 30. Qh6+ Kf7 31. Nc5 Qd5 32. Nxd7 Qxd7 33. Qf4 Qe7
34. Rh7+ 1-0

[Event "SWE-chT 9900"]
[Site "Sweden"]
[Date "2000.??.??"]
[Round "7"]
[White "Winsnes, Rikard"]
[Black "Hector, Jonny"]
[Result "1-0"]
[WhiteElo "2394"]
[BlackElo "2505"]
[PlyCount "81"]
[EventDate "1999.11.??"]
[Source "ChessBase"]

1. Nf3 d5 2. g3 Nc6 3. d4 Bg4 4. Bg2 Qd7 5. h3 Bf5 6. c3 f6 7. b4 e6 8. Nbd2
Bd6 9. Nh4 Nge7 10. Nxf5 Nxf5 11. e4 dxe4 12. Nxe4 O-O 13. O-O a5 14. b5 Na7
15. a4 Rad8 16. Qb3 Rfe8 17. Bb2 Qf7 18. Rfe1 b6 19. Re2 Bf8 20. Rae1 g6 21.
Nd2 Ng7 22. Kh2 Bd6 23. Ne4 Nc8 24. f4 Bf8 25. c4 Be7 26. c5 Rd5 27. Nf2 Rdd8
28. Ng4 Kh8 29. d5 bxc5 30. dxe6 Qf8 31. Nh6 Rd4 32. Bxd4 cxd4 33. Bc6 Nb6 34.
Nf7+ Kg8 35. Bxe8 Qxe8 36. Rc1 Qb8 37. Rec2 Nf5 38. Rxc7 Kg7 39. Qf3 h5 40. Qb7
Qe8 41. Qxb6 1-0

[Event "SWE-chT 9900"]
[Site "Sweden"]
[Date "2000.??.??"]
[Round "8"]
[White "Schandorff, Lars"]
[Black "Hector, Jonny"]
[Result "1-0"]
[WhiteElo "2514"]
[BlackElo "2505"]
[PlyCount "114"]
[EventDate "1999.11.??"]
[Source "ChessBase"]

1. d4 d5 2. c4 c6 3. Nc3 Nf6 4. e3 e6 5. Nf3 Nbd7 6. Bd3 dxc4 7. Bxc4 b5 8. Bd3
a6 9. e4 c5 10. d5 c4 11. Bc2 Qc7 12. O-O e5 13. Ne2 Bd6 14. Ng3 g6 15. Bh6 Ng4
16. Bd2 O-O 17. h3 Ngf6 18. Rc1 Re8 19. Bb1 a5 20. Bg5 Bf8 21. a4 Rb8 22. Nd2
Ba6 23. Ba2 bxa4 24. Bxc4 Bxc4 25. Nxc4 Rb4 26. d6 Qc5 27. Qe2 Qa7 28. Rc2 Rb3
29. Kh2 Qa6 30. Rfc1 Re6 31. Rd1 h5 32. f3 Ne8 33. Rd5 Nxd6 34. Rxa5 Qb7 35.
Nxd6 Rxd6 36. Rxa4 Rdb6 37. Be3 Rc6 38. Rxc6 Qxc6 39. Rc4 Qb7 40. Rc2 Nb8 41.
Qd2 Nc6 42. Ne2 Qa6 43. Nc1 Rb7 44. Qd3 Rb5 45. Qd7 Ne7 46. Qe8 Qb7 47. Nd3 Qb8
48. Qxb8 Rxb8 49. Nxe5 Bg7 50. Nd3 Rb3 51. Bg5 Rxd3 52. Bxe7 Be5+ 53. Kg1 Bg3
54. Kf1 Re3 55. Bb4 f5 56. Bd2 Rd3 57. Ke2 Rd7 1-0

[Event "Vikings GM"]
[Site "York"]
[Date "1999.12.14"]
[Round "2"]
[White "Barsov, Alexei"]
[Black "Hector, Jonny"]
[Result "1-0"]
[WhiteElo "2539"]
[BlackElo "2505"]
[PlyCount "59"]
[EventDate "1999.12.13"]
[Source "ChessBase"]

1. d4 d5 2. c4 c6 3. Nf3 Nf6 4. e3 Bf5 5. Nc3 e6 6. Nh4 Bg4 7. Qb3 Qd7 8. Bd2
Be7 9. h3 Bh5 10. g4 Bg6 11. Nxg6 hxg6 12. g5 dxc4 13. Bxc4 Nd5 14. Ne4 Rh4 15.
f4 Qc7 16. O-O-O Nd7 17. Kb1 O-O-O 18. Rc1 Rdh8 19. Bf1 f6 20. Bg2 e5 21. fxe5
fxe5 22. Be1 R4h7 23. dxe5 Qxe5 24. Bg3 Qe6 25. Nd6+ Bxd6 26. Bxd5 Qe7 27. Bxc6
Nb6 28. Bg2+ Kb8 29. Qb4 Rd8 30. Rhd1 1-0